The Cloud-based demand-driven supply chain/

Bibliographic Details
Main Author: Sharma, Vinit, 1974- (Author)
Format: Book
Published: Hoboken, New Jersey: John Wiley & Sons, Inc., 2018.
Edition:1 st edition.
Subjects:
LEADER 00857cam a2200265 7i4500
001 0000036067
005 20190820090000.0
007 ##ta
008 190820s2018 my
020 # # |a 9781119477808x  
040 # # |a MATR 
090 0 0 |a B 658.7028546782   |b SHA 
100 1 # |a Sharma, Vinit,   |d 1974-   |e author  
245 1 4 |a The Cloud-based demand-driven supply chain/   |c Vinit Sharma. 
250 0 0 |a 1 st edition. 
264 # 4 |a ♭. 
264 # 1 |a Hoboken, New Jersey:   |b John Wiley & Sons, Inc.,   |c 2018. 
300 # # |a xix, 311 pages:   |b illustrations;   |c 30 cm. 
336 # # |a text  |2 rdacontent 
337 # # |a unmediated  |2 rdamedia 
338 # # |a volume  |2 rdacarrier 
504 # # |a Includes bibliographical references and index 
650 # 0 |a Cloud computing  
650 # 0 |a Business logistics --   |x Technological innovations  
999 |a 0000040686  |b Book  |c Book  |e Business Information Centre